000
00387nam a22001577a 4500
003
MPLRDC
005
20220104123743.0
008
210129b ||||| |||| 00| 0 eng d
082
_a
413.1 YXFY
100
_a
医学翻译研究社编
245
_a
医学新知
_c
260
_a
_b
医学翻译研究社
_c
300
_b
平
650
_a
医经; 中医理论
942
_c
BK
_o
413.1 YXFY
999
_c
13931
_d
13921